000 00526cam a22002171 4500
001 sa 64008678
003 DLC
005 20260227112055.0
008 941008s1962 ii 000 0 orio
010 _asa 64008678
025 _aPL480:I-O-223
035 _a(OCoLC)31249123
040 _aDLC
_cCU
_dCU
_dDLC
042 _apremarc
050 0 0 _aQ171
_b.M16
100 1 _aMahānti, Śarata Kumāra,
_d1938-
245 1 0 _aBaijñānika cintādhārā.
260 _c[1962]
300 _a156 p.
_c19 cm.
650 0 _aScience.
999 _c60958
_d60958